000 00512nam a2200133Ia 4500
008 100328s9999 xx 000 0 und d
082 _b73110
100 _aधर्मापुरीकर मधुकर-अनु.(मूळ लेखक-आर.के.नारायण)
245 _aमालगुडी डेज (Malgudi Days).
260 _bसाकेत.
630 _aमालगुडी डेज (Malgudi Days).
730 _aमालगुडी डेज (Malgudi Days).
942 _cBOOK
999 _c558831
_d558828